[Event "Open"]
[Site "Eforie Nord ROU"]
[Date "2010.06.24"]
[Round "8"]
[White "Scripnic,D"]
[Black "Dragomirescu,R"]
[Result "0-1"]
[WhiteElo "1993"]
[BlackElo "2381"]

1.e4 c5 2.Nf3 e6 3.d4 cxd4 4.Nxd4 Nc6 5.Nc3 Qc7 6.Be2 a6 7.O-O Nf6 8.Be3 Bb4
9.Na4 Be7 10.Nxc6 bxc6 11.Nb6 Rb8 12.Nxc8 Qxc8 13.Bd4 c5 14.Be5 Rb6 15.Qd3 O-O
16.c4 d6 17.Bc3 Nd7 18.f4 Bf6 19.e5 dxe5 20.Rad1 Rd8 21.fxe5 Nxe5 22.Qg3 Rxd1
23.Bxd1 Ng6 24.Bxf6 gxf6 25.h4 Qb8 26.Qg4 h5 27.Qxh5 Qg3 28.b3 Nxh4 29.Bf3 Nf5
30.Ba8 Qe3+ 31.Kh2 Qe5+ 32.Kg1 Rd6 33.Rxf5 Qxf5 34.Qxf5 exf5 35.Bd5 a5 36.Kf2 a4
37.bxa4 Ra6 38.Ke3 Rxa4 39.Kf4 Rxa2 40.Kxf5 Kg7 41.Bf3 Rd2 42.Be4 Rd4 43.Bd5 Kf8
44.g3 Ke7 45.g4 Kf8 46.Kxf6 Rxg4 47.Ke5 Ke7 48.Be6 f6+ 49.Kd5 Rg5+  0-1

[Event "70th ch-ITA S/F"]
[Site "Torino ITA"]
[Date "2010.06.24"]
[Round "5"]
[White "Di Paolo,R"]
[Black "Manfredi,V"]
[Result "1-0"]
[WhiteElo "2343"]
[BlackElo "2172"]

1.e4 c5 2.Nf3 e6 3.d4 cxd4 4.Nxd4 Nc6 5.Nc3 Qc7 6.Be3 a6 7.Be2 Nf6 8.O-O Bb4
9.Na4 Be7 10.c4 d6 11.Nc3 Ne5 12.f4 Ned7 13.Rc1 b6 14.Bf3 Bb7 15.Nd5 exd5
16.cxd5 Nc5 17.b4 O-O 18.bxc5 bxc5 19.Nf5 Bc8 20.Nxe7+ Qxe7 21.e5 Nd7 22.Re1 Rb8
23.Qc2 dxe5 24.Bxc5 Nxc5 25.Qxc5 Qxc5+ 26.Rxc5 exf4 27.Rc7 Rb6 28.Rc6 Rb2
29.Re2 Rxe2 30.Bxe2 Bb7 31.Bxa6 Bxa6 32.Rxa6 Rb8 33.Kf2 Kf8 34.Kf3 Rb4 35.d6 Ke8
36.Ra8+ Kd7 37.Ra7+ Ke6 38.Re7+ Kf6 39.Re4 Rb8 40.d7 Rd8 41.Rxf4+ Ke6 42.Re4+ Kf6
43.Rd4 Ke5 44.Rd2 f6 45.a4 g6 46.a5 Ke6 47.a6 Ke7 48.a7  1-0

[Event "5th Open"]
[Site "Wroclaw POL"]
[Date "2010.06.26"]
[Round "1"]
[White "Obrusnik,M"]
[Black "Zawadzka,J"]
[Result "0-1"]
[WhiteElo "2184"]
[BlackElo "2415"]

1.e4 c5 2.Nf3 Nc6 3.d4 cxd4 4.Nxd4 e6 5.Nc3 Qc7 6.Be3 a6 7.Bd3 Nf6 8.O-O Ne5
9.Nf3 Nfg4 10.Nxe5 Nxe3 11.Qh5 g6 12.Qf3 Qxe5 13.fxe3 f6 14.Qxf6 Qxf6 15.Rxf6 Bg7
16.Rff1 b5 17.a4 b4 18.Na2 Rb8 19.c3 bxc3 20.bxc3 Rf8 21.Rfb1 Rxb1+ 22.Rxb1 Bh6
23.Re1 Bb7 24.a5 Ke7 25.Nb4 Rc8 26.Bxa6 Bxa6 27.Nxa6 Rxc3 28.Kf2 Ra3 29.Nb4 Rxa5
30.Kf3 Ra3 31.Nc2 Rc3 32.Re2 Kf6 33.h4 Bf8 34.Ne1 Bc5 35.g4 Ke5 36.Ng2 Rb3
37.Rc2 d6 38.g5 Rb4 39.Ra2 Rxe4 40.Ra8 Rb4 41.Re8 Rb3 42.Re7 d5 43.Rxh7 Bxe3
44.Nxe3 d4 45.Kf2 Rxe3 46.h5 Kf5 47.h6 Kxg5 48.Rh8 Rh3 49.h7 Kf6 50.Rd8 Rxh7
51.Rxd4 Ra7 52.Kf3 g5 53.Rb4 Kf5 54.Rb3 e5 55.Kg3 g4 56.Rc3 Rh7 57.Rc8 Rh3+
58.Kg2 Rf3 59.Rf8+ Ke4 60.Rg8 Kf4 61.Rf8+ Ke3 62.Rg8 Rf4 63.Kg3 Rd4 64.Re8 e4
65.Kxg4 Ke2 66.Kg3 Ra4 67.Re7 e3 68.Re8 Ra7 69.Re6 Rg7+ 70.Kf4 Kf2  0-1

[Event "Open"]
[Site "Eforie Nord ROU"]
[Date "2010.06.27"]
[Round "11"]
[White "Vedmediuc,S"]
[Black "Bulmaga,I"]
[Result "1/2-1/2"]
[WhiteElo "2438"]
[BlackElo "2254"]

1.e4 c5 2.Nf3 e6 3.d4 cxd4 4.Nxd4 Nc6 5.Nc3 Qc7 6.Be2 a6 7.O-O Nf6 8.Be3 Be7
9.f4 d6 10.a4 O-O 11.Kh1 Bd7 12.Qe1 Na5 13.Qg3 Nc4 14.Bxc4 Qxc4 15.e5 Ne8
16.Ne4 f5 17.exf6 Nxf6 18.Ng5 e5 19.b3 Qc3 20.Nde6 Nh5 21.Qf3 Nxf4 22.Bxf4 Qxf3
23.Rxf3 Rfc8 24.Be3 h6 25.Rf7 Bxg5 26.Rxg7+ Kh8 27.Rxd7 Bxe3 28.c4 Re8 29.Rxd6 Rac8
30.Rad1 Rc6 31.Rxc6 bxc6 32.Rd8 Rxd8 33.Nxd8 c5 34.g3 Kg7 35.Kg2 e4 36.Kf1 Kf6
37.Nc6 Ke6 38.b4 cxb4 39.Nxb4 a5 40.Nc2 Bc5 41.Na1 Ke5 42.Nb3 Bb6 43.Ke2 h5
44.Kd2 Kd6 45.Kc3 Bf2 46.Kc2 Bb6 47.Kc3 Bf2 48.Nxa5 Be1+ 49.Kd4 Bxa5 50.Kxe4 Kc5
51.Kf5 Bd8 52.a5 Bxa5 53.Kg5 Kxc4 54.Kxh5 Bc7 55.Kg4 Kd5 56.Kf5 Bd6 57.g4  1/2-1/2

[Event "1st Open"]
[Site "Marrakesh MAR"]
[Date "2010.06.27"]
[Round "3"]
[White "Nafri,K"]
[Black "Doncea,V"]
[Result "0-1"]
[WhiteElo "2091"]
[BlackElo "2465"]

1.e4 c5 2.Nf3 e6 3.d4 cxd4 4.Nxd4 Nc6 5.Nc3 Nf6 6.Ndb5 Bc5 7.Bf4 O-O 8.Bc7 Qe7
9.Bd6 Bxd6 10.Qxd6 Qd8 11.O-O-O Qb6 12.Qg3 a6 13.Nd6 Qc5 14.f4 Nh5 15.Qf3 Nd4
16.Rxd4 Qxd4 17.Nxc8 g6 18.g4 Ng7 19.Ne7+ Kh8 20.f5 Qf6 21.h4 Ne8 22.Ned5 exd5
23.Nxd5 Qe5 24.f6 Nc7 25.Nb6 Rad8 26.Nc4 Qc5 27.Qf4 d5 28.Qh6 Ne6 29.Nd2 Qf2
30.Bd3 Qxf6 31.h5 Qf4 32.hxg6 Qxh6 33.Rxh6 fxg6 34.exd5 Nf4 35.Be4 Nxd5 36.Rh2 Ne3
37.b3 Nxg4 38.Rh4 Ne5 39.Bxb7 Rf7 40.Be4 Rf2 41.Nb1 Kg7 42.Nc3 h5 43.Nd5 Kh6
44.c4 Rxa2 45.Bc2 Ra1+ 46.Kb2 Re1 47.Nf4 Kg5 48.Ne6+ Kxh4 49.Nxd8 g5 50.c5 g4
51.c6 Nxc6 52.Nxc6 g3 53.Nd4 g2  0-1

[Event "HSG Open"]
[Site "Hilversum NED"]
[Date "2010.06.28"]
[Round "3"]
[White "Van Brussel,B"]
[Black "Bloem,M"]
[Result "0-1"]
[WhiteElo "1887"]
[BlackElo "1905"]

1.e4 c5 2.Nf3 e6 3.d4 cxd4 4.Nxd4 Nc6 5.Nc3 d6 6.Be2 Nf6 7.Be3 Be7 8.O-O O-O
9.Kh1 Qc7 10.f4 Rd8 11.Qe1 Nxd4 12.Bxd4 e5 13.Be3 d5 14.fxe5 Nxe4 15.Nxe4 dxe4
16.Qg3 Be6 17.Rac1 Bc4 18.Bxc4 Qxc4 19.Qf2 b6 20.b3 Qe6 21.Rce1 Bb4 22.Re2 Rd7
23.Bg5 Qxe5 24.Bf4 Qe6 25.Qg3 f6 26.c3 Be7 27.h3 Re8 28.Rfe1 f5 29.Be5 Bd6
30.Bxd6 Qxd6 31.Qxd6 Rxd6 32.g4 g6 33.Kg2 Kf7 34.Kg3 Kf6 35.Re3 Ke5 36.Kh4 Red8
37.R3e2 Rd2 38.gxf5 gxf5 39.a4 Rxe2 40.Rxe2 f4  0-1

[Event "1st Open"]
[Site "Marrakesh MAR"]
[Date "2010.06.28"]
[Round "4"]
[White "Daoudi,K"]
[Black "Pogorelov,R"]
[Result "0-1"]
[WhiteElo "2142"]
[BlackElo "2454"]

1.e4 c5 2.Nf3 e6 3.d4 cxd4 4.Nxd4 Nc6 5.Nc3 Qc7 6.Be2 a6 7.Be3 Nf6 8.O-O Be7
9.f4 d6 10.Kh1 O-O 11.Qe1 Nxd4 12.Bxd4 b5 13.e5 dxe5 14.Bxe5 Qb6 15.Bd3 Bb7
16.Qh4 h6 17.f5 b4 18.Ne2 Qc6 19.Qh3 Qd5 20.Bxf6 Bxf6 21.Nf4 Qc6 22.fxe6 fxe6
23.Nxe6 Bxb2 24.Nxf8 Bxa1 25.Bh7+ Kh8 26.Bd3 Bf6 27.Ng6+ Kg8 28.Bf5 Re8 29.Rd1 Qd6
30.Ne7+  0-1

[Event "1st Open"]
[Site "Marrakesh MAR"]
[Date "2010.06.28"]
[Round "4"]
[White "Libiszewski,F"]
[Black "Iturrizaga,E"]
[Result "1/2-1/2"]
[WhiteElo "2478"]
[BlackElo "2599"]

1.e4 c5 2.Nf3 e6 3.d4 cxd4 4.Nxd4 Nc6 5.Nc3 Qc7 6.Be2 a6 7.O-O Nf6 8.Kh1 Nxd4
9.Qxd4 Bc5 10.Qd3 b5 11.f4 Bb7 12.Bf3 h5 13.e5 Ng4 14.Bxb7 Qxb7 15.Ne4 Rc8
16.a4 b4 17.c4 bxc3 18.bxc3 Be7 19.Ba3 Bxa3 20.Rxa3 O-O 21.c4 Qc6 22.Nd6 Rb8
23.h3 Rb2 24.Qg3 Nh6 25.Qg5 h4 26.Raf3 Nf5 27.Nxf5 exf5 28.Qxf5 Qxa4 29.Qg5 Qxc4
30.Qxh4 Rbb8 31.Ra1 Rb3 32.Qg5 Rxf3 33.gxf3 g6 34.f5 Qd3 35.Qf4 Rb8 36.f6 Rb1+  1/2-1/2

[Event "5th Open"]
[Site "Wroclaw POL"]
[Date "2010.06.28"]
[Round "4"]
[White "Warakomski,T"]
[Black "Macieja,B"]
[Result "0-1"]
[WhiteElo "2499"]
[BlackElo "2618"]

1.e4 c5 2.Nf3 e6 3.d4 cxd4 4.Nxd4 Nc6 5.Nc3 Qc7 6.Be3 a6 7.Be2 Nf6 8.O-O Be7
9.f4 d6 10.Bf3 O-O 11.g4 Nxd4 12.Bxd4 e5 13.Be3 exf4 14.Bxf4 Be6 15.g5 Nd7
16.Nd5 Bxd5 17.exd5 f6 18.Be3 fxg5 19.Be4 Bf6 20.Qg4 Rae8 21.Rae1 Ne5 22.Qg2 g4
23.c3 Qc4 24.Rf4 Qxa2 25.Ref1 Nf3+ 26.Bxf3 gxf3 27.Qxf3 Qxb2 28.Bd4 Bxd4+
29.cxd4 Rf6  0-1

[Event "5th Open"]
[Site "Wroclaw POL"]
[Date "2010.06.28"]
[Round "4"]
[White "Malec,S"]
[Black "Zysko,J"]
[Result "1-0"]
[WhiteElo "2114"]
[BlackElo "2203"]

1.e4 c5 2.Nf3 e6 3.d4 cxd4 4.Nxd4 Nc6 5.Nc3 d6 6.Be2 Bd7 7.O-O Be7 8.Kh1 Nf6
9.f4 O-O 10.Bf3 Nxd4 11.Qxd4 Bc6 12.Be3 Nd7 13.Qd2 Qc7 14.a4 a6 15.Nd5 Bxd5
16.exd5 e5 17.f5 Rac8 18.c3 Rfe8 19.Qd1 Bf6 20.Bh5 e4 21.g4 Qd8 22.Rg1 Bg5
23.Qd2 Bxe3 24.Qxe3 Qb6 25.Qe2 g6 26.g5 gxh5 27.Qxh5 Qe3 28.Raf1 Ne5 29.f6 Kh8
30.Rg3 Qxg3 31.hxg3 Rg8 32.Rf4 Rg6 33.Qh3  1-0

[Event "4th FIDE GP w"]
[Site "Jermuk ARM"]
[Date "2010.06.29"]
[Round "6"]
[White "Hou Yifan"]
[Black "Cramling,P"]
[Result "1-0"]
[WhiteElo "2589"]
[BlackElo "2536"]

1.e4 c5 2.Nf3 e6 3.d4 cxd4 4.Nxd4 Nc6 5.Nc3 Qc7 6.Be2 Nf6 7.Be3 Be7 8.f4 d6
9.Qd2 a6 10.O-O-O h5 11.Rhe1 Bd7 12.Kb1 b5 13.Bd3 Nxd4 14.Bxd4 b4 15.Ne2 e5
16.Be3 a5 17.Ng3 g6 18.fxe5 dxe5 19.Bg5 h4 20.Nf1 Bg4 21.Qf2 Ng8 22.Bxe7 Qxe7
23.Rd2 Nf6 24.Ne3 Be6 25.Rf1 Nh5 26.Bb5+ Kf8 27.Nd5 Qa7 28.Nb6 Kg7 29.Nxa8 Qxf2
30.Rfxf2 Rxa8 31.Bc6 Ra6 32.Rd6 Nf6 33.Rfd2 h3 34.gxh3 Bxh3 35.Bb7 Ra7 36.Bd5 Ng4
37.c4 bxc3 38.bxc3 Bf1 39.Kc1 Kh6 40.Rd1 Bb5 41.Rg1 Nf2 42.Rf6 Nd3+ 43.Kd2 Nc5
44.Rxf7 Nxe4+ 45.Ke3 Rxf7 46.Bxf7 Nxc3 47.Rxg6+ Kh7 48.Rg5 Bf1 49.Rxe5 a4
50.Kd2  1-0

[Event "Scheveningen"]
[Site "Kefar Sava ISR"]
[Date "2010.06.30"]
[Round "9"]
[White "Foo,Be"]
[Black "Botvinnik,M ISR"]
[Result "0-1"]
[WhiteElo "2112"]
[BlackElo "2348"]

1.e4 c5 2.Nf3 e6 3.d4 cxd4 4.Nxd4 Nc6 5.Nc3 Qc7 6.Be3 a6 7.a3 Nf6 8.Be2 Be7
9.f4 d6 10.O-O O-O 11.Kh1 Nxd4 12.Qxd4 e5 13.Qd2 b5 14.f5 Bb7 15.Bf3 Rac8
16.Rad1 Rfd8 17.g4 d5 18.exd5 b4 19.axb4 Bxb4 20.Bg5 Bxc3 21.bxc3 Bxd5 22.Bxd5 Rxd5
23.Qg2 Rxd1 24.Rxd1 h6 25.Bxf6 gxf6 26.Rd3 Rb8 27.h4 Rb1+ 28.Kh2 e4+ 29.Rg3 Qf4
30.Qe2 Rg1  0-1

[Event "IsBank TCh-TUR"]
[Site "Konya TUR"]
[Date "2010.06.30"]
[Round "2"]
[White "Karakehajov,K"]
[Black "Kasimdzhanov,R"]
[Result "0-1"]
[WhiteElo "2505"]
[BlackElo "2699"]

1.e4 c5 2.Nc3 e6 3.Nge2 Nc6 4.d4 cxd4 5.Nxd4 Qc7 6.g3 a6 7.Bg2 Nf6 8.O-O d6
9.Re1 Nd7 10.Bg5 Nde5 11.Nde2 b5 12.h3 Bb7 13.b3 Be7 14.Bxe7 Nxe7 15.Qd2 O-O
16.a4 b4 17.Nd1 d5 18.f4 N5c6 19.e5 a5 20.Kh2 Nf5 21.Ng1 Qb6 22.Nf2 Rac8
23.Rac1 Ba6 24.g4 Nh4 25.Red1 f6 26.exf6 Rxf6 27.Nd3 Rcf8 28.f5 Bxd3 29.Qxd3 Kh8
30.Rf1 exf5 31.Qxd5 fxg4 32.hxg4 Nxg2 33.Qxg2 Rf2 34.Kh1 h6 35.Rce1 Rxg2
36.Rxf8+ Kh7 37.Kxg2 Qc5 38.Rf2 Ne5 39.Rf4 Qxc2+ 40.Re2 Qc6+ 41.Kg3 Nd3 42.Rc4 Qd6+
43.Kf3 Ne5+ 44.Rxe5 Qxe5 45.Ne2 Qb2 46.Nd4 Kg8 47.Kf4 Kf7 48.Ke5 Qh2+ 49.Kf5 g6+
50.Ke4 Qg2+ 51.Ke5 Qg3+ 52.Kd5 h5 53.gxh5 gxh5 54.Rc5 h4 55.Ke4 h3 56.Nf5  0-1

[Event "5th Open"]
[Site "Wroclaw POL"]
[Date "2010.06.30"]
[Round "7"]
[White "Bartel,Mi"]
[Black "Aliavdin,N"]
[Result "0-1"]
[WhiteElo "2287"]
[BlackElo "2367"]

1.e4 c5 2.Nf3 e6 3.d4 cxd4 4.Nxd4 Nc6 5.Nc3 d6 6.Nb3 Nf6 7.Bd3 Be7 8.O-O a6
9.f4 b5 10.Qf3 Bd7 11.g4 g6 12.Bd2 b4 13.Nd1 e5 14.f5 gxf5 15.g5 Ng8 16.Qh5 f4
17.Bc4 Qb6+ 18.Kh1 Nd8 19.a3 Bc6 20.Nf2 Qc7 21.Rfe1 Bb7 22.Bd3 Ne6 23.axb4 Bxg5
24.Na5 Nf6 25.Qh3 Bc8 26.Qf1 Nd4 27.Bc3 Nf3 28.Re2 Nh4 29.Nc4 Be6 30.b3 Ke7
31.Ra5 Rhg8 32.Qa1 f3 33.Re1 Ng4 34.Nxg4 Bxg4 35.Nxe5 dxe5 36.Rxe5+ Kf8 37.h3 f2
38.hxg4 fxe1=Q+ 39.Bxe1 Nf3 40.Bg3 Nxe5 41.Bxe5 Qd7  0-1

[Event "5th Open"]
[Site "Wroclaw POL"]
[Date "2010.06.30"]
[Round "7"]
[White "Zmarzly,A"]
[Black "Szumilas,Pi"]
[Result "0-1"]
[WhiteElo "2026"]
[BlackElo "2197"]

1.e4 c5 2.Nf3 e6 3.d4 cxd4 4.Nxd4 Nc6 5.Nc3 Qc7 6.Be2 a6 7.O-O Nf6 8.Be3 Bb4
9.Na4 O-O 10.Nxc6 bxc6 11.Nb6 Rb8 12.Nxc8 Rfxc8 13.Bxa6 Rf8 14.Bd3 Bd6 15.f4 e5
16.fxe5 Bxe5 17.h3 Rxb2 18.a3 c5 19.Bg5 c4 20.Bxf6 Bxf6 21.Be2 Qe5 22.Bf3 Qg3
23.Qe1 Qxe1 24.Raxe1 Bd4+ 25.Kh1 Be5 26.Bd1 Ra8 27.Rf3 Ra2 28.Kg1 Kf8 29.Kf1 Ke7
30.Ke2 f6 31.Ref1 Kd6 32.g4 h6 33.h4 Kc5 34.Re3 R8xa3 35.Rxa3 Rxa3 36.Rf3 Ra1
37.Kd2 Kd4 38.c3+ Kxe4 39.Rf1 Bf4+ 40.Kc2 Ra2+ 41.Kb1 Rh2 42.h5 Bd2 43.Bc2+ Ke3
44.Kb2 d5 45.Rf5 Bxc3+ 46.Kxc3 d4+ 47.Kxc4 Rxc2+ 48.Kb3 Rg2 49.Rd5 Rxg4  0-1

[Event "HSG Open"]
[Site "Hilversum NED"]
[Date "2010.07.02"]
[Round "7"]
[White "De Jongh,Adriaan"]
[Black "Burton,G"]
[Result "1/2-1/2"]
[WhiteElo "2227"]
[BlackElo "2083"]

1.e4 c5 2.Nf3 e6 3.d4 cxd4 4.Nxd4 Nc6 5.Nc3 Qc7 6.Be3 a6 7.Qd2 b5 8.O-O-O Nxd4
9.Qxd4 Bb7 10.f3 Rc8 11.a3 Nf6 12.Qb6 Qxb6 13.Bxb6 Bc5 14.Bxc5 Rxc5 15.Rd4 O-O
16.a4 Bc6 17.axb5 axb5 18.Be2 Rb8 19.Rb4 d5 20.exd5 Nxd5 21.Nxd5 Bxd5 22.b3 Ra8
23.Kb2 Bc6 24.Rd1 Kf8 25.Rbd4 Ke7 26.Bf1 Rc8 27.b4 Rh5 28.h3 Rg5 29.Ra1 e5
30.Rd3 e4 31.Re3 f5 32.f4 Rg6 33.Rc3 Rd8 34.Ra7+ Rd7 35.Rxd7+ Bxd7 36.Kc1 Rd6
37.Rc5 Rb6 38.Kd2 g6 39.Ke3 Kd6 40.Be2 Rb8 41.c3 h5 42.g3 Bc6 43.Kd4 Bd7
44.Rd5+ Ke6 45.Bd1 Bc6 46.Re5+ Kd6 47.Bb3 Re8 48.Rxe8 Bxe8 49.Bd5 Ke7 50.h4 Bf7
51.Bc6 Bc4 52.Ke3 Kf6 53.Be8 Kg7 54.Kd4 Kf6  1/2-1/2

[Event "38th World Open"]
[Site "King of Prussia USA"]
[Date "2010.07.02"]
[Round "4"]
[White "Robson,R"]
[Black "Fedorowicz,J"]
[Result "1-0"]
[WhiteElo "2569"]
[BlackElo "2456"]

1.e4 c5 2.Nf3 Nc6 3.d4 cxd4 4.Nxd4 e6 5.Nc3 Qc7 6.Be3 a6 7.Qd2 Nf6 8.f3 b5
9.O-O-O Ne5 10.g4 h6 11.h4 b4 12.Na4 d5 13.Be2 Bd7 14.g5 Nh5 15.exd5 Bxa4
16.dxe6 Ng3 17.Rhe1 hxg5 18.hxg5 Nxe2+ 19.Qxe2 Rh2 20.Bf2 Be7 21.f4 b3 22.axb3 Bb5
23.Qe4 Rd8 24.exf7+ Nxf7 25.Bg1 Rxd4 26.Rxd4 Rh4 27.Qa8+  1-0

[Event "5th Open"]
[Site "Wroclaw POL"]
[Date "2010.07.02"]
[Round "9"]
[White "Paikidze,N"]
[Black "Balogh,C"]
[Result "1-0"]
[WhiteElo "2317"]
[BlackElo "2621"]

1.e4 c5 2.Nf3 e6 3.d4 cxd4 4.Nxd4 Nc6 5.Nc3 d6 6.Be3 Nf6 7.f4 Be7 8.Qf3 Qc7
9.O-O-O O-O 10.Be2 a6 11.g4 Nxd4 12.Bxd4 Nd7 13.h4 b5 14.a3 Rb8 15.g5 b4
16.axb4 Rxb4 17.f5 Ne5 18.Bxe5 dxe5 19.f6 Bc5 20.fxg7 Kxg7 21.h5 Qe7 22.Qg3 Bd4
23.Rxd4 exd4 24.Qe5+ f6 25.gxf6+ Qxf6 26.h6+ Kf7 27.Bh5+ Ke7 28.Nd5+  1-0

[Event "ROC Nova College GpA"]
[Site "Haarlem NED"]
[Date "2010.07.03"]
[Round "3"]
[White "Haslinger,S"]
[Black "Swinkels,R"]
[Result "0-1"]
[WhiteElo "2552"]
[BlackElo "2483"]

1.e4 c5 2.Nf3 e6 3.Nc3 Nc6 4.d4 cxd4 5.Nxd4 Qc7 6.Be3 a6 7.Qd2 Nf6 8.O-O-O Bb4
9.f3 O-O 10.g4 Ne5 11.g5 Nh5 12.Rg1 d5 13.f4 Nc4 14.Bxc4 Qxc4 15.Nde2 dxe4
16.Qd4 Qxd4 17.Rxd4 Bc5 18.Rxe4 Bxe3+ 19.Rxe3 Bd7 20.Rh3 g6 21.Ng3 Nxf4 22.Rh4 e5
23.Nge4 f5 24.gxf6 Bc6 25.Rg5 Rae8 26.f7+ Rxf7 27.Nd6 Rfe7 28.Nxe8 Rxe8 29.Kd2 Kg7
30.Rxe5 Rxe5 31.Rxf4 g5 32.Rf2 h5 33.Re2 Rf5 34.Ke3 Rf3+ 35.Kd4 h4 36.Nd5 Bxd5
37.Kxd5 Kg6 38.c4 g4 39.c5 Kf5 40.Re5+ Kf4 41.Re4+ Kf5 42.Re5+ Kf4 43.Re4+ Kg5
44.Re2 g3 45.hxg3 hxg3 46.Re7 Rf6 47.Re1 g2 48.Rg1 Rf2 49.b4 Rxa2 50.Kd6 Rb2
51.Kc7 Kf6 52.Kxb7 Rxb4+ 53.Kxa6 Rb2 54.c6 Ke7 55.c7 Kd7 56.Ka5 Kxc7 57.Ka4 Kd6
58.Ka3 Rf2 59.Kb3 Ke5 60.Kc3 Ke4 61.Re1+ Kf3  0-1

[Event "ch-SWE"]
[Site "Lund SWE"]
[Date "2010.07.03"]
[Round "1"]
[White "Berg,E"]
[Black "Tikkanen,H"]
[Result "1/2-1/2"]
[WhiteElo "2612"]
[BlackElo "2469"]

1.e4 c5 2.Nf3 e6 3.d4 cxd4 4.Nxd4 Nc6 5.Nc3 Qc7 6.Be3 a6 7.Qd2 Nf6 8.O-O-O Bb4
9.f3 O-O 10.Kb1 b5 11.Nxc6 Qxc6 12.Bd4 d6 13.e5 Nd7 14.Bd3 Bb7 15.exd6 f5
16.f4 Qxd6 17.Qe3 Qe7 18.Be2 Bc5 19.Bf3 Bxf3 20.Qxf3 Bxd4 21.Rxd4 Nb6 22.Nd1 Rad8
23.Rxd8 Rxd8 24.Ne3 Nd5 25.Nxd5 Rxd5 26.Rd1 Rxd1+ 27.Qxd1 Qc5 28.b3 Kf7 29.Qd7+ Kf6
30.Qd8+ Kf7 31.Qd7+ Kf6 32.Qd8+ Kf7 33.Kb2 e5 34.Qd7+ Kf6 35.Qd8+ Kf7 36.Qd7+ Kf6
37.Qd8+  1/2-1/2

[Event "XXXIII Open"]
[Site "Barbera del Valles ESP"]
[Date "2010.07.04"]
[Round "1"]
[White "Navarrete Espi,S"]
[Black "Gagarin,V"]
[Result "0-1"]
[WhiteElo "2057"]
[BlackElo "2403"]

1.e4 c5 2.Nf3 e6 3.d4 cxd4 4.Nxd4 Nc6 5.Nc3 d6 6.Be3 Nf6 7.f3 Be7 8.Qd2 O-O
9.O-O-O a6 10.Nxc6 bxc6 11.g4 e5 12.h4 Be6 13.h5 d5 14.g5 d4 15.gxf6 Bxf6
16.Rg1 dxe3 17.Qxe3 Qa5 18.Kb1 Kh8 19.a3 Rab8 20.Ka1 Be7 21.Nb1 Bc5 22.Qg5 Bxg1
23.h6 Rg8 24.Qxg1 Qb6 25.hxg7+ Rxg7 26.Qxb6 Rxb6 27.Nc3 a5 28.Na4 Rb8 29.Nc5 Rg1
30.Nxe6 fxe6 31.Be2 Rxd1+ 32.Bxd1 Rd8 33.Be2 Kg7 34.c4 Rd2  0-1

[Event "HSG Open"]
[Site "Hilversum NED"]
[Date "2010.07.04"]
[Round "9"]
[White "Van den Hoogen,Arie"]
[Black "Bloem,M"]
[Result "1-0"]
[WhiteElo "1998"]
[BlackElo "1905"]

1.e4 c5 2.Nf3 e6 3.d4 cxd4 4.Nxd4 Nc6 5.Nc3 d6 6.Be2 Nf6 7.O-O Be7 8.Be3 e5
9.Nb3 O-O 10.f3 Be6 11.Qd2 d5 12.exd5 Nxd5 13.Nxd5 Qxd5 14.Rfd1 Nb4 15.a3 Qxd2
16.Rxd2 Nd5 17.Bc5 Rfc8 18.Bxe7 Nxe7 19.Rad1 g6 20.Kf2 Kg7 21.Nc1 Nc6 22.c3 Rd8
23.Ke3 Rxd2 24.Rxd2 Rd8 25.Rxd8 Nxd8 26.Nd3 f6 27.Nc5 Bd5 28.c4 Bc6 29.b4 a6
30.Bd1 f5 31.Bb3 g5 32.a4 f4+ 33.Kf2 b5 34.cxb5 axb5 35.a5 g4 36.Bc2 gxf3
37.gxf3 h5 38.a6 Ba8 39.a7 Kf6 40.Be4 Nc6 41.Na6 Ke7 42.Nb8 Nxa7 43.Bxa8 Kd6
44.Ke2 Nc8 45.Kd3 Ne7 46.Ke4 Ng8 47.Na6 Nf6+ 48.Kd3 Nd7 49.Be4 Nb6 50.Nc5 Nc4
51.Bg6 h4 52.Ne4+ Kc6 53.Be8+ Kb6 54.Nc3 Nd6 55.Bd7 Ka6 56.Be6 Kb6 57.Ne4 Ne8
58.Ng5 Nf6 59.Ne4 Ne8 60.Bd7 Nc7 61.Nc3 Ka6 62.Ke4  1-0

[Event "38th World Open"]
[Site "King of Prussia USA"]
[Date "2010.07.04"]
[Round "6"]
[White "Hess,Ro"]
[Black "Bellaiche,A"]
[Result "1-0"]
[WhiteElo "2590"]
[BlackElo "2442"]

1.e4 c5 2.Nf3 e6 3.d4 cxd4 4.Nxd4 Nc6 5.Nc3 Qc7 6.Be2 a6 7.O-O Nf6 8.Be3 d6
9.a4 Be7 10.f4 O-O 11.Kh1 Re8 12.Qe1 Nxd4 13.Bxd4 e5 14.fxe5 dxe5 15.Qg3 Bd8
16.Be3 Be6 17.Bh6 g6 18.Rf2 Kh8 19.Raf1 Ng8 20.Be3 f6 21.Bg4 Bxg4 22.Qxg4 Qc8
23.Qe2 Qc6 24.Qd3 Rc8 25.g4 Re6 26.h4 Rd6 27.Nd5 Qxa4 28.b3 Qd7 29.g5 Qg4
30.Bc1 Bb6 31.Rh2 Bd4 32.Qf3 Qxf3+ 33.Rxf3 f5 34.h5 Kg7 35.hxg6 hxg6 36.Rfh3 fxe4
37.Rh7+ Kf8 38.Ba3 Bc5 39.Bxc5 Rxc5 40.Rf2+ Ke8 41.Nf6+  1-0

[Event "ch-SWE"]
[Site "Lund SWE"]
[Date "2010.07.04"]
[Round "2"]
[White "Hector,J"]
[Black "Abdollah Zadeh,A"]
[Result "1-0"]
[WhiteElo "2584"]
[BlackElo "2143"]

1.e4 c5 2.Nf3 e6 3.d4 cxd4 4.Nxd4 Nc6 5.Nc3 Qc7 6.Be3 a6 7.Bd3 b5 8.Nxc6 Qxc6
9.O-O Bb7 10.f3 Bc5 11.Qe1 Ne7 12.Kh1 d6 13.a4 b4 14.Nd1 O-O 15.a5 Rab8 16.b3 d5
17.Bf4 Rbc8 18.Nf2 f6 19.Bd2 Qd6 20.Ng4 Nc6 21.exd5 exd5 22.Qh4 f5 23.Rae1 Kh8
24.Nf2 Bd4 25.Nh3 Bc3 26.Ng5 h6 27.Bxc3 bxc3 28.Qh5 Ne5 29.Rxe5 Qxe5 30.Nf7+ Rxf7
31.Qxf7 Rb8 32.Bxf5 Qf6 33.Qxf6 gxf6 34.Rd1 Re8 35.Kg1 Re5 36.Bd3 d4 37.Bc4 Rxa5
38.Rxd4 Bc6 39.Rd8+ Kg7 40.Rg8+ Kh7 41.Rc8 Bb5 42.Be6 Ra1+ 43.Kf2 Kg6 44.Rxc3 Rf1+
45.Kg3 Re1 46.Bh3 Re5 47.Rc7 h5 48.c4 Be8 49.Kf4 a5 50.Bc8 h4 51.g4 hxg3
52.hxg3 Kh6 53.Bf5 Bg6 54.Bxg6 Kxg6 55.Ra7 Rf5+ 56.Ke4 Rg5 57.g4 Re5+ 58.Kd4 Kg5
59.Ra6  1-0

[Event "ch-IRL"]
[Site "Dublin IRL"]
[Date "2010.07.05"]
[Round "3"]
[White "Loughran,J"]
[Black "O'Rourke,R"]
[Result "1/2-1/2"]
[WhiteElo "1928"]
[BlackElo "2066"]

1.e4 c5 2.Nf3 e6 3.d4 cxd4 4.Nxd4 Nc6 5.Nc3 a6 6.Be3 Bb4 7.Bd3 Qf6 8.Ne2 Nge7
9.O-O d6 10.f4 Bxc3 11.Nxc3 O-O 12.Qf3 Ng6 13.Rad1 Qe7 14.Qg3 Qh4 15.Rf3 Qxg3
16.Rxg3 b5 17.f5 exf5 18.exf5 Nge5 19.Bh6 g6 20.fxg6 hxg6 21.Bxf8 Kxf8 22.Be4 b4
23.Na4 Ke7 24.Nb6 Rb8 25.Nxc8+ Rxc8 26.c3 a5 27.cxb4 axb4 28.Rc1 Kd7 29.Bd5 Ra8
30.Re3 Ra5 31.Bxc6+ Nxc6 32.a3 bxa3 33.bxa3 d5 34.Rf1 f5 35.Rff3 d4 36.Rb3 Ne5
37.Rf4 Rd5 38.Rb1 d3 39.h3 d2 40.Rd1 Nd3 41.Rf2 Nxf2 42.Kxf2 Rd3 43.a4 Ke6
44.Ke2 Ra3 45.Rxd2  1/2-1/2

[Event "Heart of Finland"]
[Site "Jyvaskyla FIN"]
[Date "2010.07.05"]
[Round "1"]
[White "Lauk,U"]
[Black "Riihimaki,Pekka"]
[Result "1-0"]
[WhiteElo "2410"]
[BlackElo "1966"]

1.e4 c5 2.Nf3 e6 3.d4 cxd4 4.Nxd4 Nc6 5.Nc3 Qc7 6.g3 a6 7.Bg2 Nf6 8.O-O Be7
9.Re1 d6 10.Nxc6 bxc6 11.e5 dxe5 12.Rxe5 Nd5 13.Nxd5 cxd5 14.Bf4 Bd6 15.Bxd5 Bxe5
16.Bxe5 Qxe5 17.Bxa8 Qxb2 18.Rb1 Qe5 19.Bc6+ Ke7 20.Qd3 Qd6 21.Qc4 Rd8 22.Qh4+ f6
23.Bf3 Qa3 24.Rb3 Qc1+ 25.Kg2 Qxc2 26.Qb4+ Kf7 27.Rc3 Qf5 28.Rxc8  1-0

[Event "38th TCh-GRE DivA"]
[Site "Peristeri GRE"]
[Date "2010.07.05"]
[Round "1"]
[White "Michelakos,P"]
[Black "Poulidis,S"]
[Result "1/2-1/2"]
[WhiteElo "1996"]
[BlackElo "1853"]

1.e4 c5 2.Nf3 e6 3.d4 cxd4 4.Nxd4 Nc6 5.Nc3 Qc7 6.Be3 a6 7.f4 Bb4 8.Qd2 Nf6
9.Bd3 d6 10.a3 Bc5 11.Be2 Nxd4 12.Bxd4 Bxd4 13.Qxd4 e5 14.fxe5 dxe5 15.Qb4 Be6
16.O-O-O Rc8 17.Rd2 Qe7 18.Rhd1 Qxb4 19.axb4 O-O 20.Rd6 Rxc3 21.bxc3 Nxe4
22.Rb6 Nxc3 23.Re1 Nxe2+ 24.Rxe2 Bd5 25.Rd6 Bc6 26.g3 f6 27.Kd2 Kf7 28.c4 Ke7
29.Rd3 Rd8 30.Rxd8 Kxd8 31.Ke3 Ke7 32.Rb2 Bd7 33.b5 axb5 34.cxb5 Kd6 35.Rd2+ Kc7
36.b6+ Kc6 37.Ke4 Be8 38.Rb2 Bg6+ 39.Ke3 Bf5 40.h4 h5 41.Rf2 Be6 42.Ke4  1/2-1/2

[Event "IsBank TCh-TUR"]
[Site "Konya TUR"]
[Date "2010.07.06"]
[Round "10"]
[White "Yurtseven,M"]
[Black "Ersoz,B"]
[Result "1-0"]
[WhiteElo "1964"]
[BlackElo "1764"]

1.e4 c5 2.Nc3 e6 3.Nf3 Nc6 4.d4 cxd4 5.Nxd4 Bc5 6.Nb3 Be7 7.Be2 d6 8.Be3 Nf6
9.Qd2 O-O 10.O-O-O a5 11.a4 b6 12.g4 Ba6 13.g5 Nd7 14.Nb5 Nc5 15.Nxc5 dxc5
16.Qe1 Qc8 17.c3 Na7 18.Nxa7 Rxa7 19.c4 Rd7 20.h4 Rxd1+ 21.Qxd1 Qc6 22.Qc2 Bb7
23.f3 Bd6 24.h5 Qc7 25.Rh4 Be5 26.Kb1 Bd4 27.Bf4 Be5 28.Bc1 Bd4 29.f4 Re8
30.Bd3 e5 31.f5 Qd8 32.Rh3 Qd7 33.Rg3 Bc6 34.b3 Rd8 35.g6 fxg6 36.h6 Qf7
37.Qg2 Rd6 38.Be2 Qb7 39.Bf3 Qf7 40.fxg6 Rxg6 41.Bh5 Qf2 42.Bxg6 Qxg2 43.Rxg2 hxg6
44.Rg4 Kh7 45.hxg7 Kxg7 46.Bg5 Bd7 47.Rg2 Bc6 48.Re2 Bc3 49.Kc2 Bd4 50.Bd8 g5
51.Bxg5 Kg6 52.Bd8 Kh5 53.Bxb6 Kg4 54.Bxa5 Kf3 55.Kd3 Ba8 56.Bb6 Bc6 57.a5 Bb7
58.Ba7 Ba6 59.Bb6 Bb7 60.b4  1-0

[Event "ch-IRL"]
[Site "Dublin IRL"]
[Date "2010.07.07"]
[Round "5"]
[White "Murray,D"]
[Black "Kalam,A"]
[Result "1-0"]
[WhiteElo "2021"]
[BlackElo "1646"]

1.e4 c5 2.Nf3 e6 3.d4 cxd4 4.Nxd4 Nc6 5.Nc3 a6 6.g3 Bb4 7.Bg2 Qf6 8.Be3 Nge7
9.O-O h5 10.f4 d6 11.Na4 Bd7 12.Nb6 Rd8 13.f5 Nxd4 14.Bxd4 Bc5 15.Bxc5 dxc5
16.Nxd7 Rxd7 17.Qe2 h4 18.c3 hxg3 19.hxg3 Qh6 20.Rad1 Qh2+ 21.Kf2 Rxd1 22.Rxd1 Qh7
23.Qd3 Nd5 24.exd5 Qxf5+ 25.Qxf5 exf5 26.d6 Kd7 27.Bxb7 Rb8 28.Bxa6 Rxb2+
29.Kf3 f6 30.a4 Rb3 31.Bb5+ Kd8 32.Re1 Rxc3+ 33.Kf4 Kc8 34.Re8+ Kb7 35.d7 Ka7
36.d8=Q g5+ 37.Kxf5 Rf3+ 38.Kg6  1-0